| 000 | 00615nam a2200169 a 4500 | ||
|---|---|---|---|
| 008 | 120416s1982 ||||||||||||||||| || u | ||
| 050 | _aQA 402 Ath | ||
| 100 | _aAthey, Thomas H | ||
| 245 | 1 | 0 | _aSystematic systems approach |
| 246 | _aan integrated method for solving systems problems | ||
| 260 |
_aEnglewood Clifs, N.J. _bFT Prentice-Hall _c1982 |
||
| 300 | _axiii, 366p. : ill. | ||
| 350 | _a0.00 | ||
| 650 | _aCOMPUTERS | ||
| 650 | 0 | _aSYSTEM ANALYSIS | |
| 995 |
_D0.00 _FCBU-MAIN LIBRARY (Kitwe) _H1 _I15.50 _M1 _UAVAILABLE _ZMain Library Open Access Collection |
||
| 999 |
_c59313 _d59313 |
||